| 000 | 00525nam a2200205 a 4500 | ||
|---|---|---|---|
| 001 | BRCA_6762 | ||
| 005 | 20190320205600.0 | ||
| 041 | _ager | ||
| 044 | _au | ||
| 050 | 4 |
_aD592 _b.A8 M83 _c1917 |
|
| 245 | 1 | 0 |
_aAyesha _cvon Kapitänleutnant Hellmut von Mucke |
| 260 |
_aBoston _bRitter _c1917 |
||
| 300 |
_a231 p. _bil., retratos _c19 cm. |
||
| 500 | _aI128 | ||
| 650 | 1 | 4 |
_aGuerra Europea _y1914-1918 _914945 |
| 650 | 1 | 4 |
_aAyesha (Goleta) _916880 |
| 650 | 1 | 4 |
_aChoising (Buque de vapor) _916881 |
| 902 | _aGFM | ||
| 942 |
_2lcc _cB |
||
| 999 |
_c6445 _d6445 |
||